000 01105cam a2200217 4500
001 WB3924-18
008 030624n2003 000 0 eng u
035 _a(Sirsi) u122718
245 _aClosure procedures for Scottish landfill sites
260 _c2003
490 _aRICS Minerals and Waste Management Faculty News
_v 20 June 2003 (1)
520 _aThe Scottish Environment Protection Agency (SEPA) has published an interim technical guidance note on the closure of Scottish landfill sites. "Closure procedures for landfill sites currently operating under waste management licences" applies to landfill sites described under the Pollution Prevention and Control (Scotland) Regulations 2000 Schedule 1. The guidance is available at http://www.sepa.org.uk/guidance/landfill_directive/closure_procedures.pdf.
590 _aWB
650 _aSCOTLAND
650 _aLANDFILL SITES
650 _aPOLLUTION CONTROL
650 _aPOLLUTION PREVENTION AND CONTROL REGULATIONS 2000
650 _aWASTE MANAGEMENT LICENCES
690 _aENVIRONMENTAL AND LAND CONSULTANCY-WASTE MANAGEMENT
942 _n0
999 _c72907
_d72907